|
|
|
|
| LEADER |
00817nta a2200193 i 4500 |
| 001 |
dipl127064 |
| 005 |
20220719113829.0 |
| 008 |
220719s2021 hu om 0|| zxx d |
| 040 |
|
|
|a SZTE Diploma Repozitórium
|b hun
|
| 041 |
|
|
|a zxx
|
| 100 |
1 |
|
|a Szabó Réka Katalin
|
| 245 |
1 |
3 |
|a Az érzékszervek és egy hotel, hogyan lehet egy szobát minél vendégközpontúbbá tenni
|h [elektronikus dokumentum] /
|c Réka Katalin Szabó
|
| 246 |
1 |
0 |
|a The sensory system and a hotel, how to align your hotel's room more to your customer's expectation
|h [elektronikus dokumentum]
|
| 260 |
|
|
|c 2021
|
| 650 |
|
4 |
|a Gazdaságtudományok
|
| 650 |
|
4 |
|a Social sciences
|
| 650 |
|
4 |
|a Economics and business
|
| 700 |
1 |
|
|a Kéri Anita
|e ths
|
| 856 |
4 |
0 |
|u http://diploma.bibl.u-szeged.hu/id/eprint/127064/1/2021_szabo_reka_katalin.pdf
|z Dokumentum-elérés
|